| 000 | 00330pam a2200121a 44500 | ||
|---|---|---|---|
| 008 | 230405s2012 xxu||||| |||| 00| 0 eng d | ||
| 041 | _aENG | ||
| 100 | _aRATHORE A | ||
| 245 | _aPROCESS VALIDATION IN MANUFACTURING OF BIOPHARMACEUTICALS | ||
| 260 |
_aNEW YORK _bJOHN WILLY & SONS NEW YORK _c2012 |
||
| 300 | _a513 | ||
| 906 | _a4592 | ||
| 999 |
_c270031 _d270031 |
||